[Event "Titled Tuesday intern op 09th Aug Early"]
[Site "Chess.com INT"]
[Date "2022.08.09"]
[Round "1"]
[White "Zaichenko, Daria"]
[Black "Kazancev, Valerij M"]
[Result "0-1"]
[WhiteElo "2104"]
[BlackElo "2313"]
[PlyCount "102"]
[EventDate "2022.08.09"]
[EventType "swiss (blitz)"]
[EventRounds "11"]
[EventCountry "USA"]
[SourceTitle "EXT 2023"]
[Source "ChessBase"]
[SourceDate "2022.10.05"]
[SourceVersion "1"]
[SourceVersionDate "2022.10.05"]
[SourceQuality "1"]

1. e4 c5 2. Nf3 d6 3. d4 cxd4 4. Nxd4 Nf6 5. Nc3 a6 6. Be2 b5 7. Bf3 Ra7 8. 0-0 e6 9. g3 Rd7 10. Bg2 Bb7 11. a3 Be7 12. f4 h5 13. h3 g6 14. Be3 d5 15. e5 Ne4 16. Nxe4 dxe4 17. c3 Nc6 18. Qc2 0-0 19. Bxe4 Nxd4 20. cxd4 Bxe4 21. Qxe4 Rd5 22. Rac1 Qd7 23. Rc2 Rd8 24. Kg2 b4 25. axb4 Qb5 26. Rfc1 Bxb4 27. g4 hxg4 28. hxg4 Bf8 29. f5 exf5 30. gxf5 gxf5 31. Qxf5 Bg7 32. Qg4 Qd3 33. Rc3 Qh7 34. Rh1 Qg6 35. Qxg6 fxg6 36. Rc6 Rb8 37. Rxg6 Rxb2+ 38. Kf3 Kf7 39. Rhg1 Bxe5 40. dxe5 Rxe5 41. Bd4 Rb3+ 42. Kf4 Rd5 43. Rf6+ Ke8 44. Rg8+ Ke7 45. Rg7+ Ke8 46. Re6+ Kf8 47. Bf6 Rb4+ 48. Re4 Rxe4+ 49. Kxe4 Rb5 50. Ra7 a5 51. Bc3 Rb1 0-1

[Event "Titled Tuesday intern op 02nd Aug Late"]
[Site "Chess.com INT"]
[Date "2022.08.02"]
[Round "6"]
[White "Aggelis, Nikolaos"]
[Black "Kazancev, Valerij M"]
[Result "0-1"]
[WhiteElo "2287"]
[BlackElo "2313"]
[PlyCount "118"]
[EventDate "2022.08.02"]
[EventType "swiss (blitz)"]
[EventRounds "11"]
[EventCountry "USA"]
[SourceTitle "EXT 2023"]
[Source "ChessBase"]
[SourceDate "2022.10.05"]
[SourceVersion "1"]
[SourceVersionDate "2022.10.05"]
[SourceQuality "1"]

1. Nf3 c5 2. g3 g6 3. c4 Bg7 4. d4 cxd4 5. Nxd4 Nc6 6. Nc2 h5 7. Nc3 h4 8. Bg2 Bxc3+ 9. bxc3 Qa5 10. Bd2 Nf6 11. Nd4 Ne5 12. Qb3 Qc5 13. Qb5 Qxb5 14. cxb5 Nc4 15. Bg5 hxg3 16. hxg3 Rxh1+ 17. Bxh1 a6 18. Bxf6 exf6 19. bxa6 Rxa6 20. Bd5 Nb6 21. Bb3 Na4 22. Kd2 Nc5 23. Rh1 Nxb3+ 24. axb3 Ke7 25. Rh8 Ra8 26. Nb5 b6 27. Nc7 Ra2+ 28. Kd3 Bb7 29. Rb8 Bg2 30. Rxb6 Kd8 31. Nb5 Bc6 32. Nd4 Kc7 33. Rb4 f5 34. f3 Bd5 35. c4 Bb7 36. Nb5+ Kc6 37. Nd4+ Kc7 38. Ra4 Rb2 39. Ra5 Bc6 40. Kc3 Rb1 41. Ra7+ Kb6 42. Ra2 Rg1 43. b4 Rxg3 44. b5 Bb7 45. Kb4 d6 46. Nb3 g5 47. Rd2 Kc7 48. Na5 Ba8 49. c5 dxc5+ 50. Kxc5 g4 51. b6+ Kc8 52. fxg4 fxg4 53. Nc6 Rc3+ 54. Kb5 Rxc6 55. Rd4 Rg6 56. Rf4 f6 57. Re4 Bb7 58. Re8+ Kd7 59. Rf8 Bd5 0-1

[Event "Titled Tuesday intern op 02nd Aug Late"]
[Site "Chess.com INT"]
[Date "2022.08.02"]
[Round "10"]
[White "Kazancev, Valerij M"]
[Black "Chiu, Isaac"]
[Result "1-0"]
[WhiteElo "2313"]
[BlackElo "2233"]
[PlyCount "115"]
[EventDate "2022.08.02"]
[EventType "swiss (blitz)"]
[EventRounds "11"]
[EventCountry "USA"]
[SourceTitle "EXT 2023"]
[Source "ChessBase"]
[SourceDate "2022.10.05"]
[SourceVersion "1"]
[SourceVersionDate "2022.10.05"]
[SourceQuality "1"]

1. c4 e6 2. Nf3 d5 3. g3 dxc4 4. Bg2 Nf6 5. 0-0 a6 6. a4 Nc6 7. Qc2 e5 8. Qxc4 Be6 9. Qc2 h6 10. d3 Be7 11. Nc3 0-0 12. b3 Qd7 13. Bb2 Rfd8 14. Rfc1 Rac8 15. Qd1 Bd6 16. Rab1 Qe7 17. Ba1 Ba3 18. Rc2 Bc5 19. e3 e4 20. Ne1 Bg4 21. Ne2 Nb4 22. Bxf6 gxf6 23. Bxe4 Nxc2 24. Qxc2 c6 25. d4 Bb4 26. Nf4 Bd6 27. Neg2 Be6 28. Bh7+ Kh8 29. Bf5 Bxf5 30. Qxf5 Bxf4 31. Nxf4 c5 32. Qh5 Qf8 33. d5 Qg7 34. h4 b5 35. axb5 axb5 36. Qf5 c4 37. bxc4 bxc4 38. Rc1 c3 39. Qd3 Qh7 40. Qd4 Qf5 41. Rxc3 Rxc3 42. Qxc3 h5 43. Qd4 Kg7 44. Kg2 Re8 45. Kf3 Kh6 46. e4 Qg4+ 47. Kg2 Kg7 48. d6 Rd8 49. e5 fxe5 50. Qxe5+ Kh7 51. Nxh5 Qg6 52. Nf6+ Kh6 53. g4 Qd3 54. g5+ Kg6 55. h5+ Kg7 56. d7 Qa6 57. Nd5+ Kf8 58. Qh8# 1-0

[Event "Titled Tuesday intern op 02nd Aug Late"]
[Site "Chess.com INT"]
[Date "2022.08.02"]
[Round "8"]
[White "Kazancev, Valerij M"]
[Black "Pinheiro, Iung Alicio"]
[Result "1-0"]
[WhiteElo "2313"]
[BlackElo "2320"]
[PlyCount "111"]
[EventDate "2022.08.02"]
[EventType "swiss (blitz)"]
[EventRounds "11"]
[EventCountry "USA"]
[SourceTitle "EXT 2023"]
[Source "ChessBase"]
[SourceDate "2022.10.05"]
[SourceVersion "1"]
[SourceVersionDate "2022.10.05"]
[SourceQuality "1"]

1. c4 c5 2. Nc3 g6 3. h4 Nf6 4. g3 Nc6 5. Bg2 d6 6. a3 Qd7 7. Rb1 b6 8. Bh3 Qd8 9. Qa4 Bb7 10. Bg2 Qd7 11. Nf3 Bg7 12. 0-0 0-0 13. d3 Rfd8 14. Bd2 Ng4 15. Nd5 e6 16. Nf4 h5 17. Rfe1 d5 18. cxd5 exd5 19. Ng5 Nd4 20. Qxd7 Rxd7 21. e3 Nb3 22. Bc3 d4 23. Bxb7 Rxb7 24. exd4 Nxd4 25. Kg2 Rd8 26. b4 cxb4 27. Rxb4 Rbd7 28. Bxd4 Bxd4 29. Ne4 Kg7 30. Re2 Be5 31. f3 Nh6 32. Nf2 Bxf4 33. Rxf4 Nf5 34. Ra4 a5 35. Rb2 Ne3+ 36. Kg1 Nd5 37. Rd4 Kf6 38. Rb5 Ke6 39. Rc4 Rd6 40. Ne4 R6d7 41. Rc6+ Ke7 42. Kf2 Rc7 43. Rxc7+ Nxc7 44. Rxb6 Rxd3 45. Rb7 Kd8 46. a4 Ra3 47. Nc5 Ra2+ 48. Ke3 Kc8 49. Ra7 Nd5+ 50. Kd4 Nb4 51. Rxf7 Rg2 52. Kc4 Rxg3 53. Kb5 Rh3 54. Kxa5 Nc6+ 55. Kb6 Ne5 56. Rf8# 1-0

[Event "Titled Tuesday intern op 22nd Feb Early"]
[Site "Chess.com INT"]
[Date "2022.02.22"]
[Round "5"]
[White "Kazancev, Valerij M"]
[Black "Blohberger, Felix"]
[Result "0-1"]
[WhiteElo "2313"]
[BlackElo "2503"]
[PlyCount "45"]
[EventDate "2022.02.22"]
[EventType "swiss (blitz)"]
[EventRounds "11"]
[EventCountry "USA"]
[SourceTitle "CBM 207 Extra"]
[Source "ChessBase"]
[SourceDate "2022.05.31"]
[SourceVersion "1"]
[SourceVersionDate "2022.05.31"]
[SourceQuality "1"]

1. c4 e5 2. Nc3 Bb4 3. g3 Bxc3 4. bxc3 d6 5. Bg2 Nc6 6. e4 Nge7 7. Ne2 0-0 8. 0-0 f5 9. exf5 Bxf5 10. d3 Qd7 11. f4 Rae8 12. fxe5 Nxe5 13. Nf4 N7g6 14. d4 Nxf4 15. Bxf4 Nxc4 16. Qb3 b5 17. a4 a6 18. axb5 axb5 19. Ra7 Be4 20. Bxe4 Rxe4 21. Rb7 g5 22. Rxb5 d5 23. Qd1 0-1